000 nam a22 7a 4500
999 _c7684
_d7684
008 170928b xxu||||| |||| 00| 0 eng d
100 _94173
_aMohindru,etal
245 _aMathematics-XII
260 _aNew Delhi
_bModern
_c2009